000 00777cab a2200265 4500
001 ABS57246
008 090401t1997 xxu||||| |||| 00| 0 eng d
035 _a(Sirsi) u79475
041 _aeng
100 _aWilliams, B.
245 _aNew polymer solutions to old flooring problems
260 _c1997
350 _a0
490 _aConstruction Repair
_v11(3) May/June 1997, 24-27(4)
520 _aConsiders the advances in the repair of old concrete floors in industry. References.
650 _aCONCRETE FLOORS
650 _aEPOXY RESIN
650 _aREPAIRS
650 _aRESIN BASED TOPPINGS
650 _aSUBSTRATE MOISTURE
690 _aBUILDING AND CONSTRUCTION-REPAIRS AND MAINTENANCE
700 _aEl-Jazairi, B.
942 _n0
948 _c04/07/1997
999 _c49967
_d49967